| 000 | 00536nam a2200169 a 4500 | ||
|---|---|---|---|
| 001 | 000022475 | ||
| 005 | 20200930021629.0 | ||
| 008 | 101011s1988 dr 001 0 spa d | ||
| 040 |
_aDO-SdBNP _bspa _cBNPHU |
||
| 100 | 1 |
_aAmiama Veloz, Luisa A. _q(Chilito) _946308 |
|
| 245 | 1 | 0 |
_aCatálogo de sellos postales dominicanos / _cLuisa A. Amiama Veloz. |
| 260 |
_aSanto Domingo : _bEdiora Taller, _c1988. |
||
| 300 |
_a221 p. ; _c23 cm. |
||
| 490 | 1 |
_aBiblioteca Taller _vno. 267 |
|
| 830 | 0 |
_aBiblioteca Taller _vno. 267 _9164 |
|
| 049 | _aBNPD | ||
| 999 |
_c21973 _d21973 |
||